000 00508nam a2200181 4500
003 SEACOMEC
005 20231227131810.0
008 231227b |||||||| |||| 00| 0 eng d
020 _c$104.00
040 _aSEACOMEC
082 _a616.075
_bH159
100 _aHolder man,James D.
245 1 _aAutomobile principles,diagnosis and service
_cJames D. Holder man,Chase D, Mitchell
260 _aNew Jersey
_bPrentice Hall
_c1999
650 _aTechnology,Pathology
700 _aMitchell,Chase D.
942 _cBOOK
999 _c344
_d344